000 00705nam a2200229 a 4500
001 000014649
005 20251111094609.0
008 100118s2005 dr 001 0 spa d
020 _z9993423386
040 _aDO-SdBNP
_bspa
_cBNPHU
082 _a235.3
_bF638m, 2005
100 1 _aFloripe Jiménez, Ana
_912655
245 1 0 _aMi ángel mágico /
_cAna Floripe Jiménes.
250 _a2a ed.
260 _aSanto Domingo :
_bAmigo del Hogar,
_c2005.
300 _a149 p. ;
_c22 cm.
500 _aIncluye datos biográficos del autor en la solapa de la cubierta
650 0 _aÁngeles
_xCulto
_912656
650 0 _a Ángeles guardianes
_912657
650 4 _aExperiencia religiosa
_96844
049 _aBNPD
999 _c14233
_d14233